000 00335 a2200157 4500
001 70710
020 _a
040 _cAnchieta - Itaigara
100 _aEmpresa Baiana de Jornalismo S.A.
240 1 0 _aA voz do escândalo
_lpor
245 1 0 _aA voz do escândalo
300 _a83
362 0 _a2003
650 4 _aBahia
942 _cBK
999 _c70710
_d70710